理化学研究所・研究年報(昭和54年度)

Zapisane w:
Opis bibliograficzny
Korporacja: 理化学研究所
Format: Książka
Język:Undetermined
Wydane: 東京 理化学研究所 1980
Hasła przedmiotowe:
Etykiety: Dodaj etykietę
Nie ma etykietki, Dołącz pierwszą etykiete!
Thư viện lưu trữ: Trung tâm Học liệu Trường Đại học Cần Thơ
LEADER 00526nam a2200193Ia 4500
001 CTU_88526
008 210402s9999 xx 000 0 und d
082 |a 507 
082 |b R573 
110 |a 理化学研究所 
245 0 |a 理化学研究所・研究年報(昭和54年度) 
245 0 |c 理化学研究所 
260 |a 東京 
260 |b 理化学研究所 
260 |c 1980 
650 |a Chemistry 
650 |x Research 
904 |i Ngoc,Hải 
980 |a Trung tâm Học liệu Trường Đại học Cần Thơ